Honey mustard #1 / created by Ho-Kyung Yeo ; ... Read More
Available copies
- 1 of 1 copy available at LARL/NWRL Consortium.
- 1 of 1 copy available at Lake Agassiz Regional Library. (Show preferred library)
Current holds
0 current holds with 1 total copy.
Show Only Available Copies
| Location | Call Number / Copy Notes | Barcode | Shelving Location | Status | Due Date |
|---|---|---|---|---|---|
| Breckenridge Public Library | Y G YEO (Text) | 33500008635260 | Main | Available | - |
Record details
- ISBN: 1595322396 (pbk.) :
- Physical Description: 166 p. : ill. ; 19 cm.
- Publisher: Los Angeles, CA : Tokyopop, c2005.
Content descriptions
| General Note: | "Manga comedy/romance."--Cover back. |
| Target Audience Note: | T teen age 13+. |
Search for related items by subject
| Genre: | Comic books, strips, etc. Graphic novels. |
Search for related items by series
| LDR | 01091nam a2200289Ia 4500 | ||
|---|---|---|---|
| 001 | 65265 | ||
| 003 | LARL_NWRL_CONSORTIUM | ||
| 005 | 20060111125908.0 | ||
| 008 | 050819s2005 caua 000 0 eng d | ||
| 020 | . | ‡a1595322396 (pbk.) : ‡c$9.99 | |
| 035 | . | ‡a(OCoLC)61297266 | |
| 100 | 1 | . | ‡aYŏ, Ho-gyŏng, ‡d1974- ‡0(LARL_NWRL_CONSORTIUM)195132 |
| 245 | 1 | 0. | ‡aHoney mustard ‡n#1 / ‡ccreated by Ho-Kyung Yeo ; translation: Jihae Hong ; English adaptation: Jamie S. Rich. |
| 260 | . | ‡aLos Angeles, CA : ‡bTokyopop, ‡cc2005. | |
| 300 | . | ‡a166 p. : ‡bill. ; ‡c19 cm. | |
| 490 | 0 | . | ‡aHoney mustard ; ‡v1 |
| 500 | . | ‡a"Manga comedy/romance."--Cover back. | |
| 521 | 8 | . | ‡aT teen age 13+. |
| 655 | 0. | ‡aComic books, strips, etc. | |
| 655 | 0. | ‡aGraphic novels. | |
| 700 | 1 | . | ‡aHong, Jihae. ‡0(LARL_NWRL_CONSORTIUM)193925 |
| 700 | 1 | . | ‡aRich, Jamie S. ‡0(LARL_NWRL_CONSORTIUM)44377 |
| 901 | . | ‡a65265 ‡bOCLC ‡c65265 ‡tbiblio | |

Add to basket
Permalink
Disable Highlighting